50 Quiz Fragen (2) - Statistiken

Allgemein
  • Dieses Quiz wurde 211 mal gespielt
  • Das Durchschnittsergebnis liegt bei 25 aus 50
Antwortstatistiken
Frage Antwort % Korrekt
Welcher Fluss fließt durch Paris? Seine
95%
Im Ersten heißt es um kurz nach acht: "Guten Abend, meine Damen und Herren, ich begrüße Sie zur ..."? Tagesschau
92%
Wer schrieb das Theaterstück “Faust”? Johann Wolfgang von Goethe
86%
Welches politische Amt gilt als Staatsoberhaupt Deutschlands? Bundespräsident
80%
Die beiden grundlegenden Tongeschlechter in der Musik nennt man Dur und…? Moll
77%
Wie viele Streifen hat die Flagge der USA? 13
75%
Welche Filmreihe beginnt mit dem Satz “Eine weit, weit entfernte Galaxis…”? Star Wars
75%
Wie heißt das Symbol # im Deutschen? Raute
74%
Wo gehobelt wird, fallen…? Späne
74%
In welcher Sportart werden die Begriffe Topspin, Slice, Lob und Cross gebraucht? Tennis
74%
Hat die Blume einen Knick, war der Schmetterling zu…? dick
73%
In welchem Ozean befindet sich der Mariannengraben? Pazifik
73%
Wie heißt der Bruder von Bill Kaulitz? Tom Kaulitz
73%
Wie viele Zahlenfelder findet man in einem klassischen Sudoku? 81
69%
In welcher biblichen Erzählung durften alle Landtiere paarweise ein Schiff betreten, um vor der Sintflut gerettet zu werden? Arche Noah
69%
Möchte ein Hamster Sport treiben, dann geht er in ein…? Hamsterrad
69%
Zu welcher Fischart zählt Nemo aus Disney’s “Findet Nemo”? Clownfisch
68%
Welches Gemüse ist normalerweise in Tsatsiki enthalten? Gurke
68%
Wie heißt der Besen von Bibi Blocksberg? Kartoffelbrei
66%
Mit welchen beiden Tasten erstellt man auf einer deutschen Computertastatur ein Herz-Emoji? <3
66%
Wie heißt der kleine Schneemann an der Seite von Anna, Elsa, Christoph und Sven? Olaf
63%
Welches Treibhausgas wird bei der Verdauung von Wiederkäuern freigesetzt? Methan
60%
Der Adler ist das Maskottchen und Logo wessen deutschen Fußballvereins? Eintracht Frankfurt
59%
Wie lautet der Imperfekt von “Ich brate”? Ich briet
57%
Wodka, Tomatensaft, Worcestershiresauce, schwarzer Pfeffer, Selleriesalz, Tabasco und Zitronensaft sind die Bestandteile welches Cocktails? Bloody Mary
54%
Wer spielte die weibliche Hauptrolle in “Titanic”? Kate Winslet
54%
Den Flughafen welcher portugiesischen Insel taufte Cristiano Ronaldo 2017 auf seinen Namen? Madeira
50%
Wie hieß die Raumfahrtmission und der erste bemannte Raumflug mit einer Mondlandung? Apollo 11
49%
Um welches Tier handelt es sich bei einer Nosferatu? Spinne
49%
In welchem Land bezahlte man bis zur Einführung des Euro mit Drachmen? Griechenland
44%
Welches Brettspiel benutzt die Figuren Schlachtschiff, Kanone und Zylinder? Monopoly
43%
Die jährlichen Veranstalter der “Edeltour” heißen Papaplatte und…? Reeze
43%
Was wollte Peter Maffay laut seines Song aus “Tabaluga” nie sein? Erwachsen
42%
In welchem Märchen soll eine Müllerstochter Stroh zu Gold spinnen? Rumpelstilzchen
42%
Hat man am 14. März Geburtstag, so zählt man zu welchem Sternzeichen? Fische
41%
Andy Bell, Paul Arthurs, Liam und Noel Gallagher und Gem Archer sind Mitglieder welcher Band? Oasis
40%
Was ist die Hauptstadt von Jordanien? Amman
38%
Welchen Beruf übte Klaas Heufer Umlauf vor seiner TV-Karriere aus? Friseur
35%
Wo am Körper befindet sich die sogenannte T-Zone? Gesicht
35%
Zu welcher Tierart zählen die Rassen Falabella, Huzule, KWPN und Camargue Pferd
34%
Der Bundestaat Alabama grenzt an die Bundesstaaten Mississippi, Tennessee, Georgia und…? Florida
24%
Welche Sängerin sang bei der Amtseinführung von US-Präsident Joe Biden die Nationalhymne? Lady Gaga
17%
Wie nennt man den Aperitif, der aus Champagner und einem Schuss Crème de Cassis besteht? Kir Royal
16%
In welcher Stadt starb Martin Luther am 18. Februar 1546? Eisleben
12%
Wie hieß die 1958 gegründete staatliche Fluggesellschaft der DDR? Interflug
12%
Wofür steht die Abkürzung ".pdf" als Dateiendung? Portable Document Format
9%
Welches Album der Beatles hat eine Waffe als Titel? Revolver
6%
Welcher schottische Erfinder führte im 18. Jahrhundert die Maßeinheit „Pferdestärke" ein? James Watt
4%
Flicka ist das schwedische Wort für…? Mädchen
4%
Wie nennt man das Jahr, das ein Jahrhundert beschließt? Säkularjahr
2%
Keine übereinstimmenden Quizze gefunden
Verteilung der Resultate
Anzahl Personen mit jedem Resultat
Perzentil nach korrekt beantworteten Fragen
Ihre Resultats-Entwicklung
Sie haben dieses Quiz noch nicht gespielt